=LDR 00000nam 2200000 4500 =001 INLIS000000000000144 =005 20150121093725.0 =006 =007 =008 Ind =035 ##$$0010-061300000000144 =041 ##$$a Ind =082 ##$$a 92(Galileo) =090 ##$$a 92(Galileo) Dra g =100 ##$$a Drake, Stilman =245 ##$$a Galileo : pendekar otonomi ilmu pengetahuan / Stilman Drake;penerjemah,Dean Praty R =260 ##$$aJakarta$bPustaka Utama Grafiti$c1994 =300 ##$$a xiv, 162 hlm. ; 19 cm =650 ##$$a Galileo-Biografi =700 ##$$a Praty R,Dean =850 ##$$a NBPDMAT